La delirante Compañía de los Sueños

Guardat en:
Dades bibliogràfiques
Autors principals: Flores, José Luis (Autor), Flores, JL (Autor)
Format: Llibre
Idioma:espanyol
Publicat: Santiago SM Chile 2012
Edició:1a. ed
Col·lecció:El Barco de Vapor, 30
Matèries:
Etiquetes: Afegir etiqueta
Sense etiquetes, Sigues el primer a etiquetar aquest registre!

MARC

LEADER 00000cam a2200000 a 4500
001 UCF9552
003 CL-VaPUC
008 131129e20120000cl |||||||||||||||||spa|d
020 |a 9789563490404 
082 0 4 |a Ch863  |b FLO  |2 21 
100 0 |a Flores, José Luis  |e author  |9 571917 
700 0 |a Flores, JL  |e author  |9 571918 
245 1 3 |a La delirante Compañía de los Sueños 
250 |a 1a. ed 
300 |a 188 p 
942 |c BK 
945 |d 20131129 12:34:00  |a cmena 
260 |a Santiago  |b SM Chile  |c 2012 
650 0 |a Novelas chilenas   |9 265425 
650 0 |a Novelas juveniles  |9 545094 
650 0 |a Literatura chilena   |9 308278 
583 |a last modification  |c 20131129 12:34:00  |k Rodrigo Vera 
490 0 |a El Barco de Vapor, 30 
999 |c 353995  |d 353993